00585nam a2200181Ia 4500003000900000008004100009020001800050040001600068080002300084100001400107245010000121260004200221300001500263490005100278650004100329650001800370650001500388IN-BaIIA211028s9999 xx 000 0 eng d a90-277-2303-6 cIIA Library a52(082.1)bASS-126 aKamide, Y 0aSolar wind-magnetosphere couplingcY. Kamide  aDordrechtbD. Reidel Publishingc1986 axvi, 807p. aAstrophysics and space science library; v. 126 aAstronomy and Astrophysics Thesaurus aMagnetosphere aSolar wind